000 00633nam a2200241 i 4500
001 C2-0254881
003 PPAK
005 20180727222727.0
008 040518s2003 nyua|||| ||||| | eng d
020 _a0736421270
040 _aPPAK
_beng
_cPPAK
_erda
082 0 4 _a428.6
_223
090 0 0 _a428.6
_bMAC
_dK
100 1 _aMackerel, Seymour,
_eauthor
245 1 0 _aFish school
264 1 _aNew York :
_bRandom House ,
_c2003
300 _a[23 pages] :
_bcolour illustrations ;
_c20 cm
336 _2rdacontent
_atext
337 _2rdamedia
_aunmediated
338 _2rdacarrier
_avolume
650 1 0 _aReaders
942 _ddc
_cB
999 _c67524
_d67524